| 000 | 00862nam a2200277Ia 4500 | ||
|---|---|---|---|
| 001 | Z_551 | ||
| 003 | CHAP | ||
| 008 | 220113s1976 xx 000 0 und d | ||
| 010 | _a163661 | ||
| 040 | _cCHAP | ||
| 090 | _aTesis M 87 | ||
| 100 |
_aMorales Gordillo, Víctor Manuel _978288 |
||
| 245 |
_aEvaluación biológica de cinco variedades de frijol (Phaseolus vulgaris sp.) producidas en México / _cpor Víctor Manuel Morales Gordillo |
||
| 260 |
_aChapingo, Méx. : _bEl autor, _c1976 |
||
| 300 | _a35 h. apénd. | ||
| 502 | _aTesis (Ing. Agrónomo Esp. en Zootecnia) -- ENA. Departamento de Zootcnia | ||
| 650 |
_aAves de corral _xAlimentación _98638 |
||
| 650 |
_aFrijol _xValor nutritivo _943445 |
||
| 650 |
_aFrijol _xVariedades _943446 |
||
| 901 | _aTESIS M 87 | ||
| 902 | _aM | ||
| 910 | _a1976 | ||
| 942 | _c2 | ||
| 942 | _c2 | ||
| 999 |
_c163661 _d163661 |
||